| 000 | 00638nam a2200229Ia 4500 | ||
|---|---|---|---|
| 003 | OSt | ||
| 005 | 20221007071938.0 | ||
| 006 | a|||||r|||| 00| 0 | ||
| 007 | ta | ||
| 008 | 221006b |||||||| |||| 00| 0 eng d | ||
| 024 | _a11,087 | ||
| 037 | _cTextual | ||
| 040 |
_aFLL _cFLL _beng |
||
| 041 |
_2eng _aeng |
||
| 082 | _aVIo3:I:N3, H0 | ||
| 100 |
_aWilliamson James A. Au. _9689728 |
||
| 245 | 0 | _aBritish empire and commonwealth | |
| 260 |
_aLondon _bMacmillian and co., limited London _c1940 |
||
| 300 |
_a404p _ccm. |
||
| 942 |
_hVIo3:I:N3, H0 _cTEXL _2CC |
||
| 999 |
_c1144745 _d1144745 |
||